| 000 | 00694nam a2200217 i 4500 | ||
|---|---|---|---|
| 001 | 118863 | ||
| 003 | ES-MaACL | ||
| 005 | 20250828044828.0 | ||
| 007 | t| | ||
| 008 | 070214s1910 fr r ||||1| fre d | ||
| 100 | 1 |
_aPiat, Clodius ( _d1854-1918) _991746 |
|
| 245 | 1 | 3 |
_aLa morale du bonheur / _cpar Clodius Piat. |
| 260 |
_aParis : _b[s. n.], _c1910 ( _fFirmin Didot) |
||
| 300 |
_aVII, 263 p. ; _c23 x 14 cm. |
||
| 490 | 1 | _aBibliothèque de philosophie contemporaine | |
| 650 | 0 | 7 |
_aEducación moral _2embne _912115 |
| 650 | 0 | 7 |
_aFelicidad _2embne _912743 |
| 830 | 0 |
_aBibliothèque de philosophie contemporaine _9181027 |
|
| 852 |
_aES-MaACL _jB-7023 |
||
| 999 |
_c118863 _d118863 |
||